[Event "POR-ch U16"]
[Site "Luso"]
[Date "2015.07.26"]
[Round "7"]
[White "Gomes, Tiago"]
[Black "Raimundo, Ines Santos"]
[Result "0-1"]
[WhiteElo "1159"]
[BlackElo "1269"]
[PlyCount "132"]
[EventDate "2015.07.22"]
[EventType "swiss"]
[EventRounds "7"]
[EventCountry "POR"]
[SourceTitle "EXT 2018"]
[Source "ChessBase"]
[SourceDate "2017.10.13"]
[SourceVersion "1"]
[SourceVersionDate "2017.10.13"]
[SourceQuality "1"]

1. e4 d5 2. exd5 Qxd5 3. Nc3 Qa5 4. d4 c6 5. Bd2 Qc7 6. Nf3 Nf6 7. Bd3 Bg4 8. h3 Bh5 9. 0-0 e6 10. Be2 Bd6 11. Bg5 Nbd7 12. Qd3 Bf4 13. Bxf4 Qxf4 14. Qe3 Qc7 15. Rfe1 0-0 16. Ne5 Bxe2 17. Qxe2 Rfd8 18. Nxd7 Rxd7 19. Rad1 Rad8 20. Qe5 Qb6 21. Re3 Rxd4 22. Rxd4 Rxd4 23. Rd3 Rxd3 24. cxd3 h6 25. b3 Qa6 26. Qe3 Qa5 27. Qd2 Nd5 28. Nb1 Qxd2 29. Nxd2 Nb4 30. a4 Nxd3 31. Kf1 Kf8 32. Ke2 Nc5 33. Ke3 Ke7 34. Kd4 Nd7 35. b4 Nb6 36. a5 Nd5 37. Kc4 Nf4 38. Ne4 Kd7 39. b5 Nxg2 40. Kc5 cxb5 41. Kxb5 Nf4 42. h4 Ng6 43. h5 Nf4 44. Ng3 g6 45. hxg6 fxg6 46. Ne4 Nd3 47. Kc4 Ne5+ 48. Kc5 Nc6 49. Kb5 e5 50. Nf6+ Kd6 51. Ne8+ Ke7 52. Nc7 h5 53. Nd5+ Kd6 54. Ne3 h4 55. Nf1 Nd4+ 56. Kc4 Nf3 57. Kd3 b6 58. axb6 axb6 59. Kc4 Kc6 60. Ne3 h3 61. Ng4 h2 62. Nxh2 Nxh2 63. Kb4 b5 64. Kb3 Kc5 65. Kc3 Ng4 66. f3 Nh2 0-1

[Event "Gaia Profigaia op 8th"]
[Site "Vila Nova de Gaia"]
[Date "2015.06.29"]
[Round "5"]
[White "Brandao, Alvaro"]
[Black "Raimundo, Ines Santos"]
[Result "1-0"]
[WhiteElo "1628"]
[BlackElo "1269"]
[PlyCount "71"]
[EventDate "2015.06.27"]
[EventType "swiss"]
[EventRounds "9"]
[EventCountry "POR"]
[SourceTitle "EXT 2018"]
[Source "ChessBase"]
[SourceDate "2017.10.13"]
[SourceVersion "1"]
[SourceVersionDate "2017.10.13"]
[SourceQuality "1"]

1. d4 d5 2. Nf3 c5 3. c3 Nc6 4. Bf4 Nf6 5. Nbd2 Bf5 6. h3 e6 7. e3 Bd6 8. Ne5 Bxe5 9. Bxe5 Nxe5 10. dxe5 Nd7 11. Bb5 a6 12. Bxd7+ Qxd7 13. Nb3 c4 14. Nc1 0-0 15. 0-0 Qc7 16. f4 Qc5 17. Qd2 h6 18. g4 Bh7 19. Kh2 Qe7 20. Qf2 b5 21. Rg1 Kh8 22. Ne2 a5 23. Nd4 Qb7 24. h4 g6 25. h5 Rg8 26. hxg6 Rxg6 27. f5 exf5 28. gxf5 Rb6 29. Qf4 Qe7 30. f6 Qf8 31. Rg7 h5 32. Qh6 Qg8 33. Rag1 Rab8 34. Nf5 Re8 35. Nd6 Rf8 36. Rxg8+ 1-0

[Event "Gaia Profigaia op 8th"]
[Site "Vila Nova de Gaia"]
[Date "2015.06.28"]
[Round "3"]
[White "Raimundo, Ines Santos"]
[Black "Oliveira, Maria Alice Ramos"]
[Result "1-0"]
[WhiteElo "1269"]
[BlackElo "1666"]
[PlyCount "133"]
[EventDate "2015.06.27"]
[EventType "swiss"]
[EventRounds "9"]
[EventCountry "POR"]
[SourceTitle "EXT 2018"]
[Source "ChessBase"]
[SourceDate "2017.10.13"]
[SourceVersion "1"]
[SourceVersionDate "2017.10.13"]
[SourceQuality "1"]

1. d4 Nf6 2. c4 g6 3. Nc3 Bg7 4. Bf4 0-0 5. Nf3 d6 6. e3 Nbd7 7. Be2 c5 8. 0-0 b6 9. Qc2 Bb7 10. Rfd1 Nh5 11. Bg3 Nxg3 12. hxg3 a6 13. a3 Rc8 14. Qd2 Qc7 15. Rac1 Bh6 16. Na2 Nf6 17. b4 Ne4 18. Qd3 Rfd8 19. Nc3 Nf6 20. Nh2 cxd4 21. Qxd4 Bg7 22. Qd3 Qd7 23. Bf3 Bxf3 24. Nxf3 Qb7 25. Qe2 Rc7 26. Nd2 Rdc8 27. Qd3 Nd7 28. Na2 Ne5 29. Qe2 d5 30. cxd5 Rxc1 31. Rxc1 Rxc1+ 32. Nxc1 Qxd5 33. Ncb3 Qb7 34. f4 Nd7 35. Nb1 e5 36. N3d2 exf4 37. gxf4 Qc6 38. Qf3 Qc1+ 39. Qf1 Qc6 40. Qf3 Qc1+ 41. Qf1 Qc7 42. Qf3 Nf6 43. Qa8+ Bf8 44. Qxa6 Nd5 45. Qd3 Qc1+ 46. Qf1 Qc6 47. Qf3 Qe6 48. Kf2 Be7 49. g3 f5 50. e4 Nf6 51. e5 Ng4+ 52. Kg2 g5 53. Qb3 Qxb3 54. Nxb3 Kf7 55. Nd4 Ne3+ 56. Kf3 gxf4 57. gxf4 Nd5 58. Nxf5 Bd8 59. Ke4 Nc7 60. Nd6+ Ke6 61. f5+ Kd7 62. Nc3 Bf6 63. Nd5 h5 64. Nxf6+ Ke7 65. Nxh5 b5 66. f6+ Kf8 67. Kf5 1-0

[Event "Gaia Profigaia op 8th"]
[Site "Vila Nova de Gaia"]
[Date "2015.06.28"]
[Round "4"]
[White "Raimundo, Ines Santos"]
[Black "Silva, Ana Ines Teixeira D"]
[Result "0-1"]
[WhiteElo "1269"]
[BlackElo "1633"]
[PlyCount "92"]
[EventDate "2015.06.27"]
[EventType "swiss"]
[EventRounds "9"]
[EventCountry "POR"]
[SourceTitle "EXT 2018"]
[Source "ChessBase"]
[SourceDate "2017.10.13"]
[SourceVersion "1"]
[SourceVersionDate "2017.10.13"]
[SourceQuality "1"]

1. d4 d5 2. c4 e6 3. Nc3 Nf6 4. Nf3 Nbd7 5. Bf4 c6 6. e3 Qa5 7. Nd2 Be7 8. Be2 0-0 9. 0-0 Re8 10. Qc2 Qd8 11. c5 b6 12. b4 a5 13. a3 Bf8 14. Nf3 Bb7 15. Ne5 Nxe5 16. Bxe5 Nd7 17. Bf4 e5 18. Bg3 g6 19. Rfd1 Bg7 20. Rac1 h5 21. Rb1 h4 22. Bxe5 Nxe5 23. dxe5 Bxe5 24. Na2 Qc7 25. h3 Bh2+ 26. Kh1 bxc5 27. bxc5 Rab8 28. Bd3 Bc8 29. Qd2 Be6 30. Be2 Bf5 31. Bd3 Be6 32. Rb2 Be5 33. Rbb1 Qd7 34. Bf1 Qa7 35. Rxb8 Rxb8 36. Qc1 Bb2 37. Qc2 Bxa3 38. Qd3 Bxc5 39. Qc3 d4 40. exd4 Bxd4 41. Rxd4 Bxa2 42. Ra4 Qxf2 43. Bd3 Bd5 44. Rg4 Re8 45. Bxg6 Re1+ 46. Kh2 Qg1# 0-1